Online Catalogue and eLibrary

Women in the economy (Record no. 2630)

MARC details
000 -LEADER
fixed length control field 00478nam a2200157Ia 4500
005 - DATE AND TIME OF LATEST TRANSACTION
control field 20240426072808.0
008 - FIXED-LENGTH DATA ELEMENTS--GENERAL INFORMATION
fixed length control field 240331s9999 xx 000 0 und d
020 ## - INTERNATIONAL STANDARD BOOK NUMBER
ISBN 9679928284
082 ## - DDC Classification
Item Number - Author Mark WOM
Class No. 331.4
245 #0 - TITLE STATEMENT
Title Women in the economy
Remainder of title A select annotated bibliography of asia and pacific
Statement of responsibility, etc. Asian and pacific Development centre
260 ## - PUBLICATION, DISTRIBUTION, ETC.
Place of publication, distribution, etc. Malaysia
Name of publisher, distributor, etc. Asian and pacific Development Centre
Date of publication, distribution, etc. 1991
300 ## - PHYSICAL DESCRIPTION
Extent (e.g. Volumes, Pages etc.) x, 156 p .,
650 ## - SUBJECT ADDED ENTRY--TOPICAL TERM
Topical term or geographic name entry element Woman
650 ## - SUBJECT ADDED ENTRY--TOPICAL TERM
Topical term or geographic name entry element Economy
942 ## - Koha item type (Biblio)
Koha item type Books in Stacks (Lending)
Holdings
Lost status Damaged status Collection code Home library Current library Shelving location Date acquired Full call number Accession Number Item type
    Lending WERC Library WERC Library Social Science Cupboard 03/31/2024 331.4 WOM 2079 Books in Stacks (Lending)

© WERC Library